Andrej Kiska posol dobrých anjelov

Bibliographic Details
Main Author: Petránsky, Ľudovít, 1943-2021 (Author, Interviewer)
Format: Article
Language:Slovak
PhysicalDescription:Fotogr.
ISSN:1335-1230
Subjects:

MARC

LEADER 00000nab a2200000 a 4500
001 vtls008933230
003 SK-MaSNL
005 20260303070536.0
008 140328c2006 xo zr|p|||||||000 b|slo
015 |a SNBRB2007/01  |2 snkbucl 
038 |a SNKBUCL 
040 |a SNKBUCL  |b slo  |c SNKBUCL  |e AACR2 
041 0 |a slo 
044 |a xo  |c SK 
080 |a 658.012.43-051  |2 2001 
080 |a 364:061.27  |x (437.6)  |2 2001 
100 1 |a Petránsky, Ľudovít,  |d 1943-2021  |4 ivr  |4 aut  |9 92780 
245 1 0 |a Andrej Kiska  |b posol dobrých anjelov  |c [zhováral sa] Ľudo Petránsky 
300 |b Fotogr. 
500 |a Biogr. údaje 
600 1 7 |a Kiska, Andrej,  |d 1963-  |2 snkbucl  |9 116882 
610 2 7 |a Dobrý anjel (Slovensko)  |2 snkbucl  |9 1032799 
700 1 |a Kiska, Andrej,  |d 1963-  |4 ive  |9 116882 
773 0 |t ASB  |g Roč. XIII, č. 12 (2006), s. 60-62  |x 1335-1230 
852 |a SNK  |b KIS3GCP 
958 |a SK 
999 |c 1755849  |d 1757779